Vývoj právnického stavu a právnických povolaní na Slovensku

Bibliographic Details
Main Author: Skaloš, Martin, 1979- (Author)
Format: Book
Language:Slovak
PhysicalDescription:205 strán 25 cm
Published: Banská Bystrica Belianum 2023
ISBN:9788055720364
Edition:Vydanie prvé
Series:Právnická fakulta
Subjects:

MARC

LEADER 00000cam a2200000 4500
001 vtls012229699
003 SK-MaSNL
005 20260302073314.0
008 230516s2023 xo f np 000 0 slo
015 |a SNBA2023/05 
020 |a 9788055720364  |q (brožované) 
040 |a SNK  |b slo  |c SNK  |e rda 
041 0 |a slo 
043 |a e-xo--- 
044 |a xo  |c SK 
072 7 |a 34  |x Právo  |2 konspekt 
072 7 |a 37.016  |x Učebné osnovy. Vyučovacie predmety. Učebnice  |2 konspekt 
080 |a 34(091)  |2 2011 
080 |a 34-051  |2 2011 
080 |a 34:331.542  |2 2001 
080 |a 94(437.6)  |2 2011 
080 |a (075.8)  |2 2011 
100 1 |a Skaloš, Martin,  |d 1979-  |4 aut  |9 217918 
245 1 0 |a Vývoj právnického stavu a právnických povolaní na Slovensku  |c Martin Skaloš 
250 |a Vydanie prvé 
264 1 |a Banská Bystrica  |b Belianum  |c 2023 
300 |a 205 strán  |c 25 cm 
336 |a text  |b txt  |2 rdacontent 
337 |a bez média  |b n  |2 rdamedia 
338 |a zväzok  |b nc  |2 rdacarrier 
366 |e 130 kusov 
490 1 |a Právnická fakulta 
500 |a Nad názvom uvedené: Univerzita Mateja Bela v Banskej Bystrici, Právnická fakulta 
500 |a Obsahuje poznámky pod čiarou 
500 |a Obsahuje zoznam použitých skratiek 
504 |a Obsahuje bibliografiu na strane 198-205, bibliografické odkazy 
650 0 7 |a právne dejiny  |2 SNKPH  |9 977 
650 0 7 |a právnici  |2 SNKPH  |9 2687 
650 0 7 |a právnické profesie  |2 SNKPH  |9 69593 
650 0 7 |a History of law  |2 SNKPHeng  |9 266462 
650 0 7 |a Lawyers  |2 SNKPHeng  |9 282520 
650 0 7 |a Legal profession  |2 SNKPHeng  |9 414933 
651 7 |a Slovensko  |x dejiny  |2 SNKPHgeo  |9 13278 
651 7 |a Slovakia  |x history  |2 SNKPHeng  |9 266841 
655 7 |a učebnice vysokých škôl  |2 SNKPH  |9 70191 
655 7 |a Textbooks (higher)  |2 SNKPHeng  |9 276436 
710 2 |a Univerzita Mateja Bela v Banskej Bystrici.  |b Právnická fakulta  |4 pbl 
810 2 |a Univerzita Mateja Bela v Banskej Bystrici.  |b Právnická fakulta  |t Právnická fakulta  |9 339969 
852 |a Slovenská národná knižnica 
919 |a 978-80-557-2036-4 
954 |a odborná, vedecká literatúra pôvodná (slovenská)  |2 lita 
958 |a NB 
999 |c 1160324  |d 1162254 
952 |a SNK  |b SNK  |y VYP  |7 0  |p 17A1545908  |o snkSC 202196 D1  |i snk2024/5325  |8 3  |g 9.91  |0 0  |1 0  |4 0  |d 2024-04-03  |l 0  |r 2026-02-24 20:30:58  |w 2026-02-24 
952 |a SNK  |b SNK  |y PREZ  |7 0  |p 17A1528668  |o snkSC 202196  |i snk2023/8194  |8 0  |0 0  |1 0  |4 0  |d 2023-05-23  |l 0  |r 2025-10-24 00:00:00  |w 2026-02-24